000 00827cab a2200205 i 4500
001 768714001
003 CO-MdFUSB
005 20250718145430.0
008 170518t1997 cr ||||| |||| 00| 0 spa d
022 _a1409-1968
040 _aCO-MdFUSB
_bspa
_cCO-MdFUSB
_dCO-MdFUSB
041 _aspa
100 1 _aPalau, Luis (1934-)
_eautor
245 1 0 _aJuan Wesley :
_b ¡gran evangelista! impactando a una nación entera
_c/ Luis Palau
300 _aVolumen 15. Número 1 (1997), páginas 22-27
_c: 27 cm.
520 _a¡Que visión le impartió Dios! ¡Que gran poder y unción del Espíritu Santo! Él y sus discípulos fueron hombres ordinarios usados en proporción extraordinaria.
773 0 _tApuntes Pastorales
_049442
_960171
_gVolumen 15. Número 1 (1997), páginas 22-27
_qPágina 22
942 _cANA
945 _aJTF-925
999 _c58740
_d58740